[Event "Ch Ukraine (juniors) (under 16) (g)"]
[Site "masterchessopen.com Odessa (Ukraine)"]
[Date "2008.03.21"]
[Round "2"]
[White "Usoltseva Polina (UKR)"]
[Black "Kovaliova Valeria (UKR)"]
[Result "0-1"]
[WhiteElo "1830"]
[BlackElo "2000"]

1.d4 Nf6 2.c4 e6 3.Nc3 Bb4 4.e3 b6 5.Ne2 Bb7 6.a3 Bxc3+ 7.Nxc3 O-O 8.Bd3 d6
9.O-O Qe7 10.e4 e5 11.d5 h6 12.h3 a5 13.Be3 Nbd7 14.Qe2 Rfe8 15.b4 Nf8 16.Na4
Bc8 17.c5 Bd7 18.cxd6 Qxd6 19.b5 Ng6 20.Rfc1 Nf4 21.Qc2 Nxd3 22.Qxd3 Nh5
23.Nb2 Nf4 24.Bxf4 exf4 25.Re1 g5 26.a4 g4 27.hxg4 Bxg4 28.Nc4 Qg6 29.f3 Bh3
30.Qd2 Kh7 31.Kh1 Rg8 32.Ra2 Qg3 33.Qf2 Bxg2+ 34.Kg1 Qh3 {#R} 0-1

[Event "Ch France (team) (nat.1) 2007/08"]
[Site "masterchessopen.com France"]
[Date "2008.04.06"]
[Round "11"]
[White "Piot Olivier (FRA)"]
[Black "Martenet Jean-Baptiste (FRA)"]
[Result "1-0"]
[WhiteElo "2260"]
[BlackElo "2048"]

1.d4 Nf6 2.c4 e6 3.Nc3 Bb4 4.e3 b6 5.Ne2 Bb7 6.a3 Be7 7.d5 d6 8.g3 e5 9.Bg2
O-O 10.O-O Nbd7 11.b3 a5 12.Bb2 Nc5 13.Qc2 Qd7 14.Rad1 Rfe8 15.h3 Bf8 16.Kh2
g6 17.f4 Bg7 18.f5 g5 19.e4 h6 20.Bc1 Kh7 21.Be3 Na6 22.Nb5 Qe7 23.Qd2 Red8
24.Nec3 Bc8 25.Ra1 Bd7 26.Ra2 Bxb5 27.Nxb5 Nc5 28.Qc2 a4 29.b4 Nb3 30.Rd1 Rdc8
31.Qd3 Ne8 32.Bf3 c6 33.dxc6 Rxc6 34.Nc3 Nd4 35.Bxd4 exd4 36.e5 {#r} 1-0

[Event "Ch France (team) 2008"]
[Site "masterchessopen.com France"]
[Date "2008.04.11"]
[Round "5"]
[White "Pucher Olivier (FRA)"]
[Black "Chabanon Jean-Luc (FRA)"]
[Result "0-1"]
[WhiteElo "2329"]
[BlackElo "2454"]

1.d4 Nf6 2.c4 e6 3.Nc3 Bb4 4.e3 b6 5.Ne2 Ne4 6.Bd2 Nxd2 7.Qxd2 Ba6 8.Nf4 d6
9.Be2 Nd7 10.Nd3 Bxc3 11.Qxc3 Bb7 12.d5 Qf6 13.Rc1 Qxc3+ 14.Rxc3 c5 15.Bf3 e5
16.g4 h6 17.h4 Nf6 18.g5 Ng8 19.Kd2 f5 20.Bh5+ Kf8 21.f4 hxg5 22.hxg5 g6
23.Bf3 Rxh1 24.Bxh1 e4 25.Nf2 Ne7 26.Bxe4 fxe4 27.Nxe4 Rd8 28.Nf6 Kf7 29.e4
Rh8 30.Rf3 Rh2+ 31.Kc3 a6 32.a3 Bc8 33.e5 Nf5 34.e6+ Bxe6 35.dxe6+ Kxe6 36.Nd5
b5 37.Nc7+ {#R} 0-1

[Event "Ch Romania (juniors) (g)"]
[Site "masterchessopen.com Voineasa (Romania)"]
[Date "2008.04.13"]
[Round "3"]
[White "Ilie Maria-Ruxandra (ROM)"]
[Black "Vericeanu Ilinca (ROM)"]
[Result "1-0"]
[WhiteElo "815"]
[BlackElo "724"]

1.d4 Nf6 2.c4 e6 3.Nc3 Bb4 4.e3 b6 5.Ne2 Bb7 6.a3 Be7 7.Nf4 O-O 8.Bd3 d6 9.O-O
Nbd7 10.f3 e5 11.Nfe2 d5 12.cxd5 Nxd5 13.e4 Nxc3 14.bxc3 exd4 15.cxd4 c5
16.Bb2 Bf6 17.e5 Bg5 18.f4 Be7 19.d5 Qc8 20.Rc1 Rd8 21.Be4 c4 22.Qc2 Nc5
23.Bxh7+ Kf8 24.Bf5 Qc7 25.d6 Qc6 26.Nd4 Qd5 27.dxe7+ Kxe7 28.Bg4 c3 29.Nf5+
Kf8 30.Bxc3 Nd3 31.Bb4+ Nxb4 32.axb4 Rac8 33.Qf2 g6 34.Nd6 Rb8 {#r} 1-0

[Event "Ch Europe"]
[Site "masterchessopen.com Plovdiv (Bulgaria)"]
[Date "2008.04.23"]
[Round "3"]
[White "Nikolaidis Konstantinos (GRE)"]
[Black "Ivanov Ljubomir (BUL)"]
[Result "1-0"]
[WhiteElo "2264"]
[BlackElo "1964"]

1.d4 Nf6 2.c4 e6 3.Nc3 Bb4 4.e3 b6 5.Ne2 Bb7 6.a3 Be7 7.d5 e5 8.g3 c5 9.Bg2
O-O 10.O-O d6 11.f4 Nbd7 12.e4 Ne8 13.Be3 g6 14.Qd2 Ng7 15.f5 g5 16.Rf2 f6
17.h4 h6 18.Bf3 Kf7 19.Rh2 Rh8 20.Kg2 h5 21.hxg5 fxg5 22.Rah1 h4 23.gxh4 Rxh4
24.Bf2 Rxh2+ 25.Rxh2 Qg8 26.Kf1 Ba6 27.b3 Rf8 28.Be3 Ke8 29.Ke1 Nf6 30.Bxg5
Bc8 31.Nb5 a6 32.Nc7+ Kd8 33.Ne6+ Bxe6 34.dxe6 Nxf5 35.exf5 e4 36.Bxf6 Rxf6
37.Bxe4 Qg7 38.Qd5 Rf8 39.Qa8+ {#r} 1-0

[Event "It (cat.10)"]
[Site "masterchessopen.com Gyumri (Armenia)"]
[Date "2008.04.27"]
[Round "3"]
[White "Chibukhchian Artur (ARM)"]
[Black "Simonian Hrair (ARM)"]
[Result "1-0"]
[WhiteElo "2455"]
[BlackElo "2437"]

1.d4 Nf6 2.c4 e6 3.Nc3 Bb4 4.e3 b6 5.Ne2 Bb7 6.a3 Be7 7.d5 O-O 8.e4 exd5
9.cxd5 Re8 10.g3 c6 11.Bg2 cxd5 12.exd5 d6 13.O-O Na6 14.b4 Nc7 15.Qb3 Bf8
16.Nd4 g6 17.Rd1 Bg7 18.Bb2 Qd7 19.Rac1 Rac8 20.b5 a6 21.a4 Bh6 22.Rc2 a5
23.h3 Qe7 24.Nc6 Qf8 25.Ba3 Bg7 26.Qc4 Na8 27.Qf4 Red8 28.Nxd8 Qxd8 29.Rdc1
Ne8 30.Ne4 Rxc2 31.Rxc2 Be5 32.Qe3 Bxd5 33.Rd2 Nac7 34.Qxb6 Qa8 35.Qe3 f5
36.f4 Bxe4 37.Bxe4 fxe4 38.fxe5 d5 39.Qc5 Ne6 {#r} 1-0

[Event "Ch England (team) 2007/08"]
[Site "masterchessopen.com England"]
[Date "2008.05.05"]
[Round "11"]
[White "Conquest Stuart (ENG)"]
[Black "Lindner Daniel (GER)"]
[Result "1-0"]
[WhiteElo "2526"]
[BlackElo "2242"]

1.d4 Nf6 2.c4 e6 3.Nc3 Bb4 4.e3 b6 5.Ne2 Ne4 6.Bd2 Nxd2 7.Qxd2 d5 8.cxd5 exd5
9.a3 Be7 10.g3 c6 11.Bg2 Nd7 12.O-O O-O 13.Rfd1 Bb7 14.b4 a6 15.Nf4 Nf6 16.Nd3
h5 17.a4 a5 18.b5 cxb5 19.Nxb5 h4 20.Qb2 Rb8 21.Rac1 hxg3 22.hxg3 Ne8 23.Qb3
g5 24.Ne5 Kg7 25.Na7 Qd6 26.Nac6 Bxc6 27.Nxc6 Rb7 28.Bxd5 Nf6 29.Bg2 Ng4
30.Ne5 Nxe5 31.Bxb7 Ng4 32.Bf3 Nf6 33.e4 {#r} 1-0

[Event "It (open)"]
[Site "masterchessopen.com Differdange (Luxembourg)"]
[Date "2008.05.16"]
[Round "8"]
[White "Risch Michel (LUX)"]
[Black "Prizker Boris (GER)"]
[Result "0-1"]
[WhiteElo "2056"]
[BlackElo "2226"]

1.d4 Nf6 2.c4 e6 3.Nc3 Bb4 4.e3 b6 5.Ne2 Bb7 6.a3 Be7 7.Nf4 d6 8.Bd3 Nbd7 9.e4
e5 10.dxe5 dxe5 11.Nfd5 c6 12.Nxe7 Qxe7 13.O-O Rd8 14.Qf3 Nc5 15.Bc2 Ne6
16.Qg3 Nd4 17.Bd1 O-O 18.Bh6 Ne8 19.b4 Rd6 20.Bg5 f6 21.Be3 Ba6 22.b5 cxb5
23.cxb5 Nxb5 24.Nd5 Rxd5 25.Bb3 Nc3 26.Qh3 Bxf1 27.Kxf1 Nc7 28.Bxb6 Nxe4
29.Qd3 Qf7 30.Qxe4 axb6 31.Rc1 Rfd8 32.Qc2 Nb5 33.Ba2 Nd4 34.Qb2 Qb7 35.Qb4 h6
36.Rc5 Qa6+ 37.Kg1 bxc5 {#R} 0-1

[Event "Ch Germany (juniors) (Internet) (under 18) (qual1)"]
[Site "masterchessopen.com Internet"]
[Date "2008.06.01"]
[Round "1"]
[White "Frank Christian (GER)"]
[Black "Wittenberg Andreas (GER)"]
[Result "0-1"]
[WhiteElo "1936"]
[BlackElo "2052"]

1.d4 Nf6 2.c4 e6 3.Nc3 Bb4 4.e3 b6 5.Ne2 Bb7 6.a3 Bxc3+ 7.Nxc3 d6 8.Bd3 Nbd7
9.O-O O-O 10.b4 c5 11.Re1 Qe7 12.Rb1 Rab8 13.Bc2 d5 14.bxc5 bxc5 15.Qe2 cxd4
16.exd4 dxc4 17.Qxc4 Rfc8 18.Qd3 Qd6 19.Nb5 Qc6 20.Bf4 Qxg2# 0-1

[Event "Ch Germany (juniors) (Internet) (under 25) (qual2)"]
[Site "masterchessopen.com Internet"]
[Date "2008.06.04"]
[Round "6"]
[White "Gaitzsch Martin (GER)"]
[Black "Mayer Christian"]
[Result "1-0"]
[WhiteElo "2019"]
[BlackElo "1398"]

1.d4 Nf6 2.c4 e6 3.Nc3 Bb4 4.e3 b6 5.Ne2 Bb7 6.a3 Bxc3+ 7.Nxc3 O-O 8.Rg1 d5
9.g4 dxc4 10.Bxc4 c5 11.g5 Ne4 12.h4 cxd4 13.exd4 Bd5 14.Bd3 Nxc3 15.bxc3 f5
16.Bf4 Nc6 17.h5 g6 18.hxg6 hxg6 19.Rg3 Kf7 20.Qe2 Rh8 21.O-O-O Rh4 22.Be3 Be4
23.Bxe4 Rxe4 24.Rh3 Qxg5 25.Qc4 {#r} 1-0

[Event "It (open)"]
[Site "masterchessopen.com San Juan (Spain)"]
[Date "2008.06.27"]
[Round "8"]
[White "Juez Villar Erik (ESP)"]
[Black "Roviralta Montero Axel (ESP)"]
[Result "1-0"]
[WhiteElo "1960"]
[BlackElo "1995"]

1.d4 Nf6 2.c4 e6 3.Nc3 Bb4 4.e3 b6 5.Ne2 Bb7 6.a3 Be7 7.Qc2 d5 8.b3 O-O 9.Bb2
Nbd7 10.Nf4 Bd6 11.Nd3 dxc4 12.bxc4 Ng4 13.h3 Qh4 14.O-O-O Nh6 15.Rg1 c5 16.g3
Qe7 17.dxc5 Nxc5 18.Nb5 Bf3 19.Re1 Be4 20.Nxd6 Qxd6 21.Qc3 Nf5 22.Nxc5 Qxc5
23.g4 f6 24.gxf5 Bxf5 25.Rd1 e5 26.a4 Rfc8 27.Ba3 Qc7 28.Kb2 a6 29.Rc1 Qd7
30.Qb3 Qd2+ 31.Ka1 Qxf2 32.Bg2 Ra7 33.Bd5+ Kh8 34.Rgf1 {#r} 1-0

[Event "It (open)"]
[Site "masterchessopen.com Dortmund (Germany)"]
[Date "2008.06.30"]
[Round "1"]
[White "Lang Daniel (GER)"]
[Black "Glahn Michael"]
[Result "1-0"]
[WhiteElo "2062"]
[BlackElo "1779"]

1.d4 Nf6 2.c4 e6 3.Nc3 Bb4 4.e3 b6 5.Ne2 Bb7 6.a3 Bxc3+ 7.Nxc3 O-O 8.Bd3 d6
9.O-O Nbd7 10.e4 h6 11.Qe2 Qe7 12.f4 Rfd8 13.Bd2 Rac8 14.Rf3 e5 15.Nd5 Bxd5
16.exd5 Re8 17.Re3 b5 18.fxe5 bxc4 19.exf6 cxd3 20.Rxe7 dxe2 21.Rxd7 Re4
22.Re1 Rxd4 23.Rxe2 Rxd5 24.fxg7 Kxg7 25.Rf2 Rf8 26.Rxc7 a5 27.Bc3+ Kg6
28.Rf6+ Kg5 29.Rcxf7 Re8 30.Rg7+ {#r} 1-0

[Event "Tournament \"]
[Site "masterchessopen.com Gorodovikovsk (Russia)"]
[Round "2"]
[White "Saldusov Aleksander (RUS)"]
[Black "Chudakov Yury (RUS)"]
[Result "0-1"]
[WhiteElo "1996"]
[BlackElo "2002"]

1.d4 Nf6 2.c4 e6 3.Nc3 Bb4 4.e3 b6 5.Ne2 Bb7 6.a3 Be7 7.Ng3 O-O 8.e4 d5 9.e5
Ne4 10.Ngxe4 dxe4 11.Be3 f5 12.exf6 Bxf6 13.Qd2 Nc6 14.Nxe4 Bxd4 15.Ng5 Qf6
16.O-O-O Rad8 17.Bd3 g6 18.h4 Ne5 19.Bxd4 Rxd4 20.Nxh7 Nxd3+ 21.Kb1 Kxh7 22.h5
g5 23.Qe3 c5 24.f3 Rfd8 25.Rd2 Nf4 26.Rc2 Rd1+ 27.Rxd1 Rxd1+ 28.Ka2 Qd4 29.Qb3
Nd3 30.Qa4 a5 31.Qe8 Qg7 32.Qxe6 Nc1+ 33.Kb1 Nb3+ 34.Ka2 Nd4 {#R} 0-1

[Event "Ch Greece (juniors) (under 16)"]
[Site "masterchessopen.com Kallithea (Greece)"]
[Date "2008.07.01"]
[Round "5"]
[White "Filippas Georgios (GRE)"]
[Black "Kefalas Spyridon (GRE)"]
[Result "1-0"]
[WhiteElo "1781"]
[BlackElo "1928"]

1.d4 Nf6 2.c4 e6 3.Nc3 Bb4 4.e3 b6 5.Ne2 Bb7 6.a3 Be7 7.d5 e5 8.Ng3 O-O 9.Bd3
d6 10.Qf3 Re8 11.Nf5 Bf8 12.Qg3 Kh8 13.e4 Nbd7 14.h4 Bc8 15.Bc2 Nc5 16.Qf3
Bxf5 17.Qxf5 Qd7 18.Qxd7 Nfxd7 19.b4 Nb7 20.Ba4 Red8 21.Bc6 Rab8 22.Nb5 a6
23.Nxc7 Ndc5 24.bxc5 Nxc5 25.Be3 Rdc8 26.Bxc5 bxc5 27.Nxa6 Rb6 28.O-O Rcxc6
29.dxc6 Rxa6 30.a4 Rxc6 31.a5 f5 32.a6 Rc8 33.a7 Ra8 34.Rfb1 {#r} 1-0

[Event "It \"]
[Site "masterchessopen.com Montreal (Canada)"]
[Date "2008.07.21"]
[Round "3"]
[White "Doubleday W"]
[Black "Arsenault Nicolas (CAN)"]
[Result "1-0"]
[WhiteElo "2125"]
[BlackElo "2229"]

1.d4 Nf6 2.c4 e6 3.Nc3 Bb4 4.e3 b6 5.Ne2 Ne4 6.Qc2 Bb7 7.a3 Bxc3+ 8.Nxc3 Nxc3
9.Qxc3 O-O 10.b4 d6 11.Bb2 Nd7 12.Qc2 Qh4 13.d5 a5 14.g3 Qh6 15.Bg2 e5 16.O-O
f5 17.f4 g6 18.Rae1 axb4 19.axb4 Ra2 20.Qb3 Rfa8 21.e4 exf4 22.gxf4 fxe4
23.Rxe4 Qf8 24.Re6 Qf5 25.Qc3 {#r} 1-0

[Event "Ch Netherlands (open)"]
[Site "masterchessopen.com Dieren (Netherlands)"]
[Date "2008.07.30"]
[Round "8"]
[White "Sandipan Chanda (IND)"]
[Black "Ikonnikov Vyacheslav (RUS)"]
[Result "1-0"]
[WhiteElo "2579"]
[BlackElo "2571"]

1.d4 Nf6 2.c4 e6 3.Nc3 Bb4 4.e3 b6 5.Ne2 Ne4 6.Qc2 Bb7 7.a3 Bxc3+ 8.Nxc3 Nxc3
9.Qxc3 O-O 10.b4 f5 11.Bb2 Rf7 12.Be2 d6 13.d5 e5 14.c5 bxc5 15.bxc5 Ba6 16.c6
Bxe2 17.Kxe2 Na6 18.Qc4 Nc5 19.Bxe5 Qg5 20.h4 Qh5+ 21.f3 dxe5 22.Qxc5 e4 23.d6
Qg6 24.Rhg1 cxd6 25.Qd5 f4 26.Qxe4 Qxe4 27.fxe4 Rc8 28.Rac1 Kf8 29.Rgd1 Ke7
30.Rf1 fxe3 31.Rxf7+ {#r} 1-0

[Event "It \"]
[Site "masterchessopen.com Dallas (USA)"]
[Date "2008.08.06"]
[Round "5"]
[White "Hyltin J"]
[Black "Zepeda Lorena (ESA)"]
[Result "0-1"]
[WhiteElo "2004"]
[BlackElo "2159"]

1.d4 Nf6 2.c4 e6 3.Nc3 Bb4 4.e3 b6 5.Ne2 Bb7 6.a3 Be7 7.d5 O-O 8.g3 e5 9.Bg2
d6 10.O-O Nbd7 11.b3 Ne8 12.g4 g6 13.e4 Ndf6 14.Ng3 Ng7 15.Bf3 Bc8 16.Qe2 Qd7
17.g5 Nfe8 18.Bg2 Qd8 19.Qd2 f6 20.gxf6 Nxf6 21.f3 Nfh5 22.Nce2 Rf7 23.Kf2 Bh4
24.Kg1 Qf8 25.Qc3 Bd7 26.Bd2 Qe7 27.Qc1 Raf8 28.Bh6 Nf6 29.Kh1 Kh8 30.Be3 h5
31.Bg5 Bxg5 32.Qxg5 Kh7 33.Qe3 h4 {#R} 0-1

[Event "Ch Argentina (team)"]
[Site "masterchessopen.com Villa Martelli (Argentina)"]
[Date "2008.08.09"]
[Round "1"]
[White "Prieto Martin Alfonso (ESP)"]
[Black "Slipak Sergio (ARG)"]
[Result "0-1"]
[WhiteElo "2203"]
[BlackElo "2456"]

1.d4 Nf6 2.c4 e6 3.Nc3 Bb4 4.e3 b6 5.Ne2 Bb7 6.a3 Bd6 7.d5 exd5 8.cxd5 O-O
9.Ng3 Re8 10.Be2 Be5 11.Bf3 c5 12.O-O d6 13.e4 a6 14.a4 Nbd7 15.Bg5 h6 16.Bd2
Nf8 17.Re1 Bc8 18.Nf1 Bd7 19.g3 b5 20.axb5 axb5 21.Qc2 Qb6 22.Ne3 Ra7 23.Rxa7
Qxa7 24.Nf5 b4 25.Nd1 Qa2 26.Bg2 Bxf5 27.exf5 Rb8 28.Qd3 c4 29.Qe2 Bxb2 30.Bc1
c3 31.Bxb2 Re8 32.Ne3 cxb2 33.Qc2 b3 34.Qb1 Rc8 35.Nf1 Rc1 {#R} 0-1

[Event "Ch Greece (w)"]
[Site "masterchessopen.com Greece"]
[Date "2008.09.04"]
[Round "1"]
[White "Botsari Anna-Maria (GRE)"]
[Black "Papadopoulou Vera (GRE)"]
[Result "1-0"]
[WhiteElo "2308"]
[BlackElo "2196"]

1.c4 Nf6 2.d4 e6 3.Nc3 Bb4 4.e3 b6 5.Ne2 Ne4 6.Qc2 Nxc3 7.Nxc3 Bb7 8.Bd3 Na6
9.O-O Be7 10.a3 h6 11.e4 c6 12.Qe2 Nc7 13.Be3 d5 14.cxd5 exd5 15.e5 c5 16.Qg4
Kf8 17.Ne2 h5 18.Qf3 Kg8 19.Nf4 h4 20.Rac1 Rb8 21.dxc5 bxc5 22.Bxc5 Bxc5
23.Rxc5 d4 24.Be4 Bxe4 25.Qxe4 g5 26.e6 gxf4 27.e7 Ne6 28.exd8=Q+ Rxd8 29.Rd5
{#r} 1-0

[Event "It (open) \"]
[Site "masterchessopen.com Cap d'Agde (France)"]
[Date "2008.10.27"]
[Round "3"]
[White "Van Elst Andreas (FRA)"]
[Black "Trent Lawrence (ENG)"]
[Result "1-0"]
[WhiteElo "2317"]
[BlackElo "2470"]

1.d4 Nf6 2.c4 e6 3.Nc3 Bb4 4.e3 b6 5.Ne2 Bb7 6.a3 Bd6 7.d5 O-O 8.g3 c6 9.Bg2
Ba6 10.Qa4 Be5 11.e4 Qc8 12.dxe6 fxe6 13.Bd2 d6 14.Rc1 Nbd7 15.Nd1 d5 16.cxd5
Nc5 17.Rxc5 bxc5 18.f4 Bb5 19.Qc2 Bd4 20.Nxd4 cxd4 21.a4 Ba6 22.dxc6 e5 23.b4
Qe6 24.b5 Bc8 25.f5 Qf7 26.O-O Re8 27.Nb2 g6 28.Nc4 gxf5 29.Nd6 Qe7 30.Nxe8
Qxe8 31.exf5 Qf7 32.Bg5 Nd5 33.Qc5 Nc3 34.Qxe5 {#r} 1-0

[Event "It (open)"]
[Site "masterchessopen.com Sautron (France)"]
[Round "8"]
[White "Lafuente Pablo (ARG)"]
[Black "Godart Francois (FRA)"]
[Result "1-0"]
[WhiteElo "2522"]
[BlackElo "2012"]

1.d4 Nf6 2.c4 e6 3.Nc3 Bb4 4.e3 b6 5.Ne2 Ne4 6.Bd2 Nxd2 7.Qxd2 Ba6 8.Nf4 O-O
9.Bd3 c5 10.dxc5 bxc5 11.Qc2 h6 12.O-O Nc6 13.Rfd1 Ne5 14.Ne4 f5 15.Nd6 Nf7
16.Be2 Qc7 17.Nxf7 Rxf7 18.Bh5 Rf6 19.Qa4 Bc8 20.Be8 d6 21.Qc6 Qxc6 22.Bxc6
Rb8 23.Rxd6 Ba5 24.b3 Bc7 25.Rd2 Bxf4 26.exf4 Bb7 27.Ba4 Rg6 28.g3 Bf3 29.Re1
Rf6 30.Re3 Be4 31.f3 Bb7 32.Kf2 {#r} 1-0

[Event "It \"]
[Site "masterchessopen.com Eastleigh (England)"]
[Date "2008.11.08"]
[Round "2"]
[White "Abbott Mark V"]
[Black "Hart David R"]
[Result "1-0"]
[WhiteElo "1840"]
[BlackElo "1896"]

1.d4 Nf6 2.c4 e6 3.Nc3 Bb4 4.e3 b6 5.Ne2 Ne4 6.f3 Nxc3 7.bxc3 Be7 8.Ng3 Nc6
9.Bd3 Ba6 10.O-O Na5 11.Qe2 O-O 12.e4 d6 13.Be3 e5 14.f4 Qd7 15.Rf3 Rfe8
16.Raf1 Bf8 17.f5 exd4 18.cxd4 f6 19.Nh5 Qf7 20.Rg3 Bxc4 21.Bxc4 Nxc4 22.Nxg7
Bxg7 23.Bh6 b5 24.Rxg7+ Qxg7 25.Bxg7 Kxg7 26.Rf4 Rg8 27.Qh5 Kh8 28.Qf7 {#r}
1-0

[Event "It (open)"]
[Site "masterchessopen.com Noisy le Grand (France)"]
[Date "2008.12.27"]
[Round "2"]
[White "Said Eric (FRA)"]
[Black "Hassine Daniel (FRA)"]
[Result "1-0"]
[WhiteElo "2029"]
[BlackElo "2019"]

1.d4 Nf6 2.c4 e6 3.Nc3 Bb4 4.e3 b6 5.Ne2 Bb7 6.a3 Be7 7.d5 O-O 8.Ng3 Re8 9.Be2
exd5 10.cxd5 Bd6 11.O-O c5 12.f4 Bf8 13.e4 d6 14.Bf3 Nbd7 15.Re1 a6 16.b3 g6
17.Ra2 Bg7 18.Rc2 b5 19.Bb2 Qb6 20.Kh1 Rac8 21.Rce2 h5 22.e5 dxe5 23.fxe5 Ng4
24.Bxg4 hxg4 25.e6 Nf6 26.Qa1 Nh5 27.Nxh5 gxh5 28.Ne4 Bxd5 29.Bxg7 Bxe4
30.exf7+ Kxf7 31.Rxe4 Rxe4 32.Rxe4 Rd8 33.Bc3 Qd6 34.Qf1+ Kg8 35.Qf5 Qh6
36.Re1 Rf8 37.Qd5+ Rf7 38.Re8+ {#r} 1-0

[Event "Czech League 2008/09 (2nd) (e)"]
[Site "masterchessopen.com Czech Republic"]
[Date "2009.01.25"]
[Round "7"]
[White "Zavadil Michal (CZE)"]
[Black "Simek Jan (CZE)"]
[Result "0-1"]
[WhiteElo "2089"]
[BlackElo "2168"]

1.d4 Nf6 2.c4 e6 3.Nc3 Bb4 4.e3 b6 5.Ne2 Bb7 6.a3 Bxc3+ 7.Nxc3 O-O 8.Bd3 d5
9.O-O Nbd7 10.f3 c5 11.cxd5 cxd4 12.exd4 Nxd5 13.Ne4 N7f6 14.Qe2 Qd7 15.Kh1
Rac8 16.Bg5 Ne8 17.Qf2 f5 18.Ng3 f4 19.Ne2 h6 20.Qh4 hxg5 21.Qh7+ Kf7 22.Qg6+
Ke7 23.Qxg5+ Rf6 24.Rac1 Rxc1 25.Rxc1 Kf8 26.Qh4 Rh6 27.Qg4 Nef6 28.Qg5 Rh5
29.Qg6 Ne7 30.Nxf4 Nxg6 31.Bxg6 Ra5 {#R} 0-1

[Event "It (open)"]
[Site "masterchessopen.com Bunratty (Ireland)"]
[Date "2009.02.21"]
[Round "4"]
[White "Mendelson Andrew (RSA)"]
[Black "Benson Oisin P (IRL)"]
[Result "1-0"]
[WhiteElo "2114"]
[BlackElo "1967"]

1.d4 Nf6 2.c4 e6 3.Nc3 Bb4 4.e3 b6 5.Ne2 O-O 6.a3 Be7 7.Ng3 d5 8.cxd5 Nxd5
9.e4 Nxc3 10.bxc3 c5 11.Be3 Nd7 12.Bd3 Bb7 13.O-O Qc7 14.Qe2 Rac8 15.a4 c4
16.Bc2 Qc6 17.f4 Bh4 18.d5 exd5 19.exd5 Qxd5 20.Be4 Qe6 21.Bxb7 Rce8 22.Rfe1
Bxg3 23.hxg3 Nf6 24.Bf3 Nd5 25.Bxd5 Qxd5 26.Qf2 Re6 27.Bd4 Rh6 28.Qf3 Qf5
29.Re7 Qg6 30.Rae1 Rh5 31.Re8 {#r} 1-0

[Event "It (open)"]
[Site "masterchessopen.com Bunratty (Ireland)"]
[Date "2009.02.22"]
[Round "6"]
[White "Pein Malcolm (ENG)"]
[Black "Mcphillips Karl (IRL)"]
[Result "1-0"]
[WhiteElo "2391"]
[BlackElo "2231"]

1.d4 Nf6 2.c4 e6 3.Nc3 Bb4 4.e3 b6 5.Ne2 Bb7 6.a3 Be7 7.d5 O-O 8.Ng3 d6 9.Be2
c6 10.e4 Na6 11.O-O Nc7 12.Bf3 Nd7 13.Be3 Ne5 14.Be2 Ba6 15.b3 Bf6 16.Rc1 cxd5
17.exd5 Re8 18.Nge4 Bb7 19.f4 Ng6 20.dxe6 d5 21.Nxf6+ Qxf6 22.Bd4 Qh4 23.g3
Qe7 24.f5 Nf8 25.Bh5 fxe6 26.f6 {#r} 1-0

[Event "Ch Europe (seniors) (team)"]
[Site "masterchessopen.com Velden (Austria)"]
[Date "2009.04.05"]
[Round "1"]
[White "Sandklef Ake (SWE)"]
[Black "Sorensen Bent (DEN)"]
[Result "1-0"]
[WhiteElo "2009"]
[BlackElo "2221"]

1.d4 Nf6 2.c4 e6 3.Nc3 Bb4 4.e3 b6 5.Ne2 Bb7 6.a3 Bxc3+ 7.Nxc3 O-O 8.f3 c5
9.d5 Nh5 10.Qc2 f5 11.Bd3 Qh4+ 12.Qf2 Qe7 13.Bd2 d6 14.dxe6 Qxe6 15.O-O Nd7
16.b3 Ne5 17.Bc2 Rad8 18.e4 fxe4 19.Nxe4 h6 20.Rae1 d5 21.Ng3 dxc4 22.Nxh5
cxb3 23.Qg3 Rf7 24.Rxe5 Qc6 25.Be4 {#r} 1-0

[Event "It (open)"]
[Site "masterchessopen.com Lenk (Switzerland)"]
[Date "2009.04.09"]
[Round "1"]
[White "Gerber Richard (SUI)"]
[Black "Pleininger Rudolf (SUI)"]
[Result "1-0"]
[WhiteElo "2388"]
[BlackElo "1983"]

1.d4 Nf6 2.c4 e6 3.Nc3 Bb4 4.e3 b6 5.Ne2 Ne4 6.Qc2 Bb7 7.a3 Bxc3+ 8.Nxc3 Nxc3
9.Qxc3 d6 10.b4 O-O 11.Bb2 Qf6 12.Qc2 Qh4 13.Bd3 Bxg2 14.Rg1 Bf3 15.Rg3 Bh5
16.Bxh7+ Kh8 17.Qe4 Qxh2 18.d5 e5 19.Rg2 Qh3 20.Bf5 Bf3 21.Qxf3 {#r} 1-0

[Event "Ch Europe (seniors) (team)"]
[Site "masterchessopen.com Velden (Austria)"]
[Date "2009.04.10"]
[Round "6"]
[White "Saharinen Petri (FIN)"]
[Black "Liebscher Helmar (GER)"]
[Result "0-1"]
[WhiteElo "1824"]
[BlackElo "2102"]

1.d4 Nf6 2.c4 e6 3.Nc3 Bb4 4.e3 b6 5.Ne2 Bb7 6.a3 Be7 7.Ng3 d5 8.cxd5 exd5
9.Bb5+ Nbd7 10.b4 O-O 11.O-O a5 12.bxa5 Rxa5 13.Nf5 Bb4 14.Qd3 Bxc3 15.Rb1 c6
16.Nd6 Qa8 17.Qxc3 cxb5 18.Qc7 Qb8 19.Qxb8 Rxb8 20.Bb2 Ba6 21.Rfc1 Ne4 22.Nf5
Nd2 23.Bc3 Nxb1 24.Bxa5 bxa5 25.Rxb1 Kf8 26.e4 dxe4 27.Nd6 b4 28.axb4 axb4
29.Nxe4 Bd3 30.Re1 Bxe4 31.Rxe4 b3 32.Re1 b2 33.Rb1 Nf6 {#R} 0-1

[Event "It (open) \"]
[Site "masterchessopen.com Copenhagen (Denmark)"]
[Date "2009.05.09"]
[Round "7"]
[White "Bekker-Jensen Simon (DEN)"]
[Black "Hagen Andreas Skytte (DEN)"]
[Result "0-1"]
[WhiteElo "2415"]
[BlackElo "2300"]

1.d4 Nf6 2.c4 e6 3.Nc3 Bb4 4.e3 b6 5.Ne2 Ne4 6.f3 Nxc3 7.bxc3 Be7 8.e4 Nc6
9.Ng3 Ba6 10.Bd3 Na5 11.Qe2 d6 12.Be3 h5 13.f4 h4 14.Nf1 Qd7 15.Nd2 Qa4 16.O-O
O-O-O 17.Rab1 Kb8 18.Rb4 Qd7 19.Rb2 Ka8 20.Nb3 Qa4 21.Nxa5 Qxa5 22.Rc2 Bb7
23.e5 h3 24.g3 Qa4 25.Rd2 Qc6 26.Bc2 Qh1+ 27.Kf2 Qxh2+ 28.Ke1 Qxe2+ {#R} 0-1

[Event "Ch Chigorin Chess Club"]
[Site "masterchessopen.com St. Petersburg (Russia)"]
[Date "2009.05.25"]
[Round "6"]
[White "Paliy Vladimir (RUS)"]
[Black "Stroganov Anatoly (RUS)"]
[Result "0-1"]
[WhiteElo "1837"]
[BlackElo "1900"]

1.d4 Nf6 2.c4 e6 3.Nc3 Bb4 4.e3 b6 5.Ne2 Bb7 6.a3 Be7 7.Nf4 d6 8.Be2 g5 9.Bf3
c6 10.Nd3 Nbd7 11.e4 h6 12.e5 Ng8 13.Bh5 dxe5 14.dxe5 Qc7 15.Qe2 Bf8 16.h4 Bg7
17.Qg4 Nxe5 18.Qxe6+ Kf8 19.Qf5 Nxd3+ 20.Qxd3 Rd8 21.Qe2 Bxc3+ 22.bxc3 Nf6
23.Bf3 g4 24.Bxg4 Nxg4 25.Qxg4 Qe5+ 26.Kf1 Qxc3 {#R} 0-1

[Event "Memorial R.Nezhmetdinov (open)"]
[Site "masterchessopen.com Kazan (Russia)"]
[Date "2009.06.06"]
[Round "7"]
[White "Arzamastsev Artur (RUS)"]
[Black "Beliaev Vasily (RUS)"]
[Result "0-1"]
[WhiteElo "2132"]
[BlackElo "2054"]

1.d4 Nf6 2.c4 e6 3.Nc3 Bb4 4.e3 b6 5.Ne2 Ne4 6.Qc2 Bb7 7.a3 Bxc3+ 8.Nxc3 f5
9.b4 O-O 10.Bb2 d6 11.O-O-O Nd7 12.f3 Nxc3 13.Qxc3 a5 14.b5 Qe7 15.Kb1 c6
16.Qd2 cxb5 17.cxb5 Nf6 18.Rc1 Nd5 19.Bc4 Nc7 20.Rhe1 Qd7 21.a4 Bd5 22.Ba3
Bxc4 23.Rxc4 Nxb5 24.Kb2 Nxa3 25.Kxa3 d5 26.Rc3 Rac8 27.Rxc8 Rxc8 28.Rb1 Qd6+
29.Ka2 Rc4 30.Qd1 Qc6 31.Ka3 Rc3+ 32.Rb3 Rc1 33.Rxb6 Qc3+ {#R} 0-1